| 000 | 00848cam a2200241 a 4500 | ||
|---|---|---|---|
| 020 | _a9789251071137 | ||
| 020 | _a9251071136 | ||
| 040 | _cNLE | ||
| 082 | 0 | 4 | _a338 RES 2011 C011 Or. |
| 245 | 0 | 0 |
_aResilient livelihoods : _bdisaster risk reduction for food and nutrition security. |
| 246 | 3 | 0 | _aDisaster risk reduction for food and nutrition security |
| 260 |
_aRome : _bFood and Agriculture Organization of the United Nations, _c2011. |
||
| 300 |
_axi, 87 pages : _bcolor illustrations ; _c30 cm |
||
| 500 | _a"November 2011." | ||
| 650 | 0 | _aFood security | |
| 650 | 0 | _aFood | |
| 650 | 0 | _aEmergency food supply. | |
| 650 | 0 | _aEmergency management. | |
| 650 | 0 | _aEconomic development | |
| 710 | 2 | _aFood and Agriculture Organization of the United Nations. | |
| 856 | 4 | 1 | _uhttp://www.fao.org/docrep/015/i2540e/i2540e00.pdf |
| 942 | _cAEDBB | ||
| 999 |
_c22139 _d22139 |
||